CRC handbook of tables for probability and statistics. (Record no. 16710)
[ view plain ]
| 000 -LEADER | |
|---|---|
| fixed length control field | 00440cam a22001571 4500 |
| 040 ## - CATALOGING SOURCE | |
| Transcribing agency | DLC |
| 082 00 - DEWEY DECIMAL CLASSIFICATION NUMBER | |
| Classification number | 519 CHE 1966 A109 Or. |
| 100 1# - MAIN ENTRY--AUTHOR NAME | |
| Personal name | Beyer, William H., |
| 245 10 - TITLE STATEMENT | |
| Title | CRC handbook of tables for probability and statistics. |
| 260 ## - PUBLICATION, DISTRIBUTION, ETC. (IMPRINT) | |
| Place of publication | Cleveland, |
| Name of publisher | Chemical Rubber Co. |
| Year of publication | [1966] |
| 300 ## - PHYSICAL DESCRIPTION | |
| Number of Pages | xv, 502 p. |
| Dimensions | 28 cm. |
| 650 #0 - SUBJECT ADDED ENTRY--TOPICAL TERM | |
| Topical Term | Mathematical statistics |
| 650 #0 - SUBJECT ADDED ENTRY--TOPICAL TERM | |
| Topical Term | Probabilities |
| 710 2# - ADDED ENTRY--CORPORATE NAME | |
| Corporate name or jurisdiction name as entry element | Chemical Rubber Company. |
| 942 ## - ADDED ENTRY ELEMENTS (KOHA) | |
| Koha item type | សៀវភៅភាសាអង់គ្លេស |
| 952 ## - LOCATION AND ITEM INFORMATION (KOHA) | |
| Withdrawn status [LOCAL, KOHA] | 0 |
| Permanent Location | Date acquired | Koha item type | Lost status | Shelving location | Barcode | Current Location | Full call number |
|---|---|---|---|---|---|---|---|
| Library Block A | 2018-03-28 | សៀវភៅភាសាអង់គ្លេស | A106 | A24464 | Library Block A | 519 CHE 1966 A106 Or. |